[Event "Vlissingen HZ op 24th"]
[Site "Vlissingen"]
[Date "2022.08.08"]
[Round "4"]
[White "Freer, Robert"]
[Black "Reichardt, Robin"]
[Result "0-1"]
[WhiteElo "1745"]
[BlackElo "2054"]
[PlyCount "62"]
[EventDate "2022.08.06"]
[EventType "swiss"]
[EventRounds "9"]
[EventCountry "NED"]
[SourceTitle "CBM 209 Extra"]
[Source "ChessBase"]
[SourceDate "2022.09.30"]
[SourceVersion "1"]
[SourceVersionDate "2022.09.30"]
[SourceQuality "1"]

1. e4 e5 2. Nf3 Nc6 3. Bb5 a6 4. Ba4 Nf6 5. d3 b5 6. Bb3 Be7 7. 0-0 d6 8. c3 Na5 9. Nbd2 c5 10. Bc2 Nc6 11. Re1 0-0 12. h3 Qc7 13. Nf1 Rd8 14. c4 Be6 15. b3 Nd7 16. Ng3 g6 17. Bg5 Nf8 18. Qd2 f6 19. Be3 Bf7 20. Nf1 f5 21. Bg5 Ne6 22. Bxe7 Qxe7 23. exf5 gxf5 24. Qh6 Kh8 25. Ne3 Ned4 26. Nxd4 Nxd4 27. f4 Rg8 28. fxe5 dxe5 29. Kh1 Rg6 30. Qh5 Rxg2 31. Qd1 Rg3 0-1

[Event "Vlissingen HZ op 24th"]
[Site "Vlissingen"]
[Date "2022.08.07"]
[Round "2"]
[White "Reichardt, Robin"]
[Black "Beerdsen, Thomas"]
[Result "0-1"]
[WhiteElo "2054"]
[BlackElo "2513"]
[PlyCount "44"]
[EventDate "2022.08.06"]
[EventType "swiss"]
[EventRounds "9"]
[EventCountry "NED"]
[SourceTitle "CBM 209 Extra"]
[Source "ChessBase"]
[SourceDate "2022.09.30"]
[SourceVersion "1"]
[SourceVersionDate "2022.09.30"]
[SourceQuality "1"]

1. d4 Nf6 2. c4 c6 3. Nf3 d5 4. Nbd2 Bf5 5. Nh4 Be4 6. f3 Bg6 7. Nxg6 hxg6 8. e3 e6 9. b3 c5 10. Bb2 Nc6 11. g3 Qb6 12. Nb1 0-0-0 13. cxd5 Nxd5 14. Qc1 cxd4 15. Bxd4 Qa5+ 16. Kf2 Kb8 17. Bc4 Nxd4 18. exd4 Qb6 19. Rd1 Bc5 20. dxc5 Qxc5+ 21. Ke1 Rxh2 22. Qf4+ Nxf4 0-1

[Event "Utrecht Keres Memorial"]
[Site "Utrecht"]
[Date "2022.05.28"]
[Round "4"]
[White "Reichardt, Robin"]
[Black "Janse, Erik"]
[Result "1/2-1/2"]
[WhiteElo "2041"]
[BlackElo "1981"]
[PlyCount "52"]
[EventDate "2022.05.27"]
[EventType "swiss"]
[EventRounds "6"]
[EventCountry "NED"]
[SourceTitle "CBM 208 Extra"]
[Source "ChessBase"]
[SourceDate "2022.07.31"]
[SourceVersion "1"]
[SourceVersionDate "2022.07.31"]
[SourceQuality "1"]

1. d4 d5 2. Nf3 c5 3. c3 e6 4. Bf4 Bd6 5. Bxd6 Qxd6 6. e3 Nc6 7. Bd3 Nf6 8. Nbd2 e5 9. dxe5 Nxe5 10. Nxe5 Qxe5 11. 0-0 0-0 12. Qc2 Bg4 13. Rae1 Qc7 14. e4 dxe4 15. Nxe4 Nxe4 16. Bxe4 h6 17. Re3 Rad8 18. Rfe1 Rd7 19. h3 Be6 20. Bh7+ Kh8 21. Bf5 Bxf5 22. Qxf5 Qd6 23. Re8 Rc7 24. R1e5 g6 25. Qe4 Rxe8 26. Rxe8+ Kg7 1/2-1/2

[Event "EU-Cup 36th"]
[Site "Struga"]
[Date "2021.09.20"]
[Round "3.4"]
[White "Healy, John"]
[Black "Reichardt, Robin"]
[Result "1/2-1/2"]
[WhiteElo "1889"]
[BlackElo "2051"]
[PlyCount "79"]
[EventDate "2021.09.18"]
[EventType "team-swiss"]
[EventRounds "7"]
[EventCountry "MKD"]
[SourceTitle "CBM 204 Extra"]
[Source "ChessBase"]
[SourceDate "2021.11.30"]
[SourceVersion "1"]
[SourceVersionDate "2021.11.30"]
[SourceQuality "1"]
[WhiteTeam "St Benildus"]
[BlackTeam "En Passant"]
[WhiteTeamCountry "IRL"]
[BlackTeamCountry "NED"]

1. e4 e5 2. Nf3 Nc6 3. Bc4 Nf6 4. d3 Be7 5. 0-0 0-0 6. Re1 d6 7. c3 Na5 8. Bb5 a6 9. Ba4 b5 10. Bc2 c5 11. Nbd2 Nc6 12. a4 Be6 13. Nf1 Qc7 14. Ng3 Rad8 15. Qe2 b4 16. Nf5 bxc3 17. bxc3 Bxf5 18. exf5 Nd5 19. Bd2 Bf6 20. Qe4 Nf4 21. g3 d5 22. Qe3 d4 23. Qe4 Nd5 24. c4 Nc3 25. Bxc3 dxc3 26. g4 Nd4 27. Rac1 Nxf3+ 28. Qxf3 Bg5 29. Rb1 Rb8 30. Qe4 Rb2 31. Rxb2 cxb2 32. Qxe5 Qxe5 33. Rxe5 h5 34. h3 Rb8 35. Rxc5 b1Q+ 36. Bxb1 Rxb1+ 37. Kg2 Bh4 38. d4 Rb2 39. Kf3 Rb3+ 40. Kg2 1/2-1/2

[Event "EU-Cup 36th"]
[Site "Struga"]
[Date "2021.09.19"]
[Round "2.18"]
[White "Reichardt, Robin"]
[Black "Kanyamarala, Trisha"]
[Result "0-1"]
[WhiteElo "2051"]
[BlackElo "2093"]
[PlyCount "70"]
[EventDate "2021.09.18"]
[EventType "team-swiss"]
[EventRounds "7"]
[EventCountry "MKD"]
[SourceTitle "CBM 204 Extra"]
[Source "ChessBase"]
[SourceDate "2021.11.30"]
[SourceVersion "1"]
[SourceVersionDate "2021.11.30"]
[SourceQuality "1"]
[WhiteTeam "En Passant"]
[BlackTeam "Gonzaga"]
[WhiteTeamCountry "NED"]
[BlackTeamCountry "IRL"]

1. d4 Nf6 2. Nf3 d5 3. c4 e6 4. Bg5 Bb4+ 5. Nbd2 dxc4 6. e3 b5 7. Be2 Bb7 8. 0-0 c6 9. Ne4 Nbd7 10. a4 a6 11. Qc2 Be7 12. Rfd1 Nxe4 13. Bxe7 Qxe7 14. Qxe4 Nb6 15. Qc2 0-0 16. Nd2 e5 17. Ne4 exd4 18. exd4 Rfe8 19. Ng3 Rad8 20. Ra3 Nd5 21. Bf3 Nf4 22. Qf5 Nd3 23. axb5 cxb5 24. Bxb7 Qxb7 25. Rda1 Re6 26. Qg5 Rd5 27. Nf5 g6 28. Nh6+ Kg7 29. Qd2 f5 30. g4 f4 31. Rxd3 cxd3 32. Qxf4 Rf6 33. Qe3 Qd7 34. g5 Re6 35. Qf3 Rxg5+ 0-1

[Event "Vlissingen HZ op 23rd"]
[Site "Vlissingen"]
[Date "2019.08.08"]
[Round "7"]
[White "Reichardt, Robin"]
[Black "Volkers, Annemarie"]
[Result "1/2-1/2"]
[WhiteElo "1811"]
[BlackElo "1966"]
[PlyCount "71"]
[EventDate "2019.08.03"]
[EventType "swiss"]
[EventRounds "9"]
[EventCountry "NED"]
[SourceTitle "CBM 191 Extra"]
[Source "ChessBase"]
[SourceDate "2019.09.30"]
[SourceVersion "1"]
[SourceVersionDate "2019.09.30"]
[SourceQuality "1"]

1. d4 d5 2. c4 Nc6 3. Nc3 dxc4 4. Nf3 e6 5. e4 Bb4 6. Bxc4 Nf6 7. Qd3 0-0 8. Bg5 Be7 9. 0-0 h6 10. Bf4 Nb4 11. Qe2 a6 12. Rfd1 b5 13. Bb3 Bb7 14. a3 Nc6 15. d5 exd5 16. Nxd5 Nxd5 17. Bxd5 Qe8 18. Bxc7 Rc8 19. Bf4 Ba8 20. Rac1 Kh8 21. Qe3 g5 22. Be5+ Nxe5 23. Nxe5 Rxc1 24. Rxc1 Bxd5 25. exd5 Bf6 26. Re1 Bg7 27. Nd3 Qd7 28. Nb4 a5 29. Na2 Qxd5 30. Nc3 Qb3 31. Ne4 Qxe3 32. Rxe3 Bxb2 33. Rb3 Re8 34. Ng3 Re1+ 35. Nf1 Bd4 36. Rxb5 1/2-1/2

[Event "EU-Cup 34th"]
[Site "Porto Carras"]
[Date "2018.10.12"]
[Round "1.4"]
[White "Tryggestad, Andreas Garberg"]
[Black "Reichardt, Robin"]
[Result "1-0"]
[WhiteElo "2320"]
[BlackElo "1993"]
[PlyCount "71"]
[EventDate "2018.10.12"]
[EventType "team-swiss"]
[EventRounds "7"]
[EventCountry "GRE"]
[SourceTitle "CBM 187"]
[Source "ChessBase"]
[SourceDate "2018.12.11"]
[SourceVersion "1"]
[SourceVersionDate "2018.12.11"]
[SourceQuality "1"]
[WhiteTeam "Nordstrand"]
[BlackTeam "En Passant"]
[WhiteTeamCountry "NOR"]
[BlackTeamCountry "NED"]

1. Nf3 d5 2. g3 c6 3. Bg2 Nf6 4. 0-0 Bf5 5. c4 e6 6. d4 h6 7. Nc3 Be7 8. b3 Nbd7 9. Bb2 0-0 10. Re1 c5 11. cxd5 exd5 12. Rc1 Rc8 13. dxc5 Nxc5 14. Nd4 Bg6 15. Bh3 Ra8 16. Nf5 Re8 17. Nxe7+ Rxe7 18. Ba3 b6 19. Na4 Rc7 20. Nxc5 bxc5 21. Bxc5 Ne4 22. Bd4 Rxc1 23. Qxc1 Ng5 24. Bg2 Rc8 25. Qe3 Qa5 26. Rd1 Ne4 27. f3 Nc3 28. Bxc3 Rxc3 29. Rxd5 Qb4 30. Qd2 Qb6+ 31. Qd4 Rc2 32. Qxb6 axb6 33. e4 Rxa2 34. Rb5 Ra6 35. Bf1 f6 36. Rb4 1-0

[Event "NED-ch U20"]
[Site "Assen"]
[Date "2018.04.30"]
[Round "2"]
[White "Reichardt, Robin"]
[Black "Van Hoorn, Geert"]
[Result "1-0"]
[WhiteElo "1936"]
[BlackElo "2008"]
[PlyCount "57"]
[EventDate "2018.04.29"]
[EventType "swiss"]
[EventRounds "7"]
[EventCountry "NED"]
[SourceTitle "CBM 184 Extra"]
[Source "ChessBase"]
[SourceDate "2018.06.28"]
[SourceVersion "1"]
[SourceVersionDate "2018.06.28"]
[SourceQuality "1"]

1. d4 Nf6 2. c4 c5 3. d5 b5 4. cxb5 a6 5. bxa6 Bxa6 6. Nc3 g6 7. e4 Bxf1 8. Kxf1 d6 9. Nf3 Bg7 10. g3 0-0 11. Kg2 Nbd7 12. a4 Ra6 13. Qc2 Qa8 14. Ra3 c4 15. Nb5 Rc8 16. Nfd4 Nc5 17. Nc6 Rcxc6 18. dxc6 Qxc6 19. Qxc4 Nfxe4 20. f3 Nf6 21. b4 e5 22. bxc5 d5 23. Qb4 Nd7 24. Nd6 Bf8 25. Qb7 Qxc5 26. Qxa6 Qc2+ 27. Kh3 Nf6 28. Qc8 Qe2 29. Bh6 1-0

[Event "NED-ch U16"]
[Site "Assen"]
[Date "2017.04.29"]
[Round "9"]
[White "Omota, Vlad"]
[Black "Reichardt, Robin"]
[Result "1/2-1/2"]
[WhiteElo "1895"]
[BlackElo "1855"]
[PlyCount "68"]
[EventDate "2017.04.23"]
[EventType "swiss"]
[EventRounds "9"]
[EventCountry "NED"]
[SourceTitle "CBM 178 Extra"]
[Source "ChessBase"]
[SourceDate "2017.06.22"]
[SourceVersion "1"]
[SourceVersionDate "2017.06.22"]
[SourceQuality "1"]

1. e4 e5 2. Nf3 Nc6 3. Bc4 Nf6 4. d3 Bc5 5. c3 d6 6. a4 a5 7. Na3 0-0 8. Bg5 h6 9. Bh4 Be6 10. Bxe6 fxe6 11. 0-0 Qd7 12. Re1 Rf7 13. d4 exd4 14. cxd4 Bb4 15. Re2 e5 16. dxe5 dxe5 17. Qb3 Rd8 18. h3 Nd4 19. Nxd4 Qxd4 20. Nc2 Qd3 21. Qxd3 Rxd3 22. Nxb4 axb4 23. Bg3 Re7 24. f3 Nd7 25. Bf2 c5 26. a5 Re6 27. Rc1 b3 28. Re3 Rxe3 29. Bxe3 Rd6 30. Bxc5 Rc6 31. Be3 Rxc1+ 32. Bxc1 Nc5 33. Bd2 Na4 34. Bc1 Nc5 1/2-1/2

[Event "NED-ch U16"]
[Site "Assen"]
[Date "2017.04.24"]
[Round "3"]
[White "Ypma, Jord"]
[Black "Reichardt, Robin"]
[Result "1/2-1/2"]
[WhiteElo "1542"]
[BlackElo "1855"]
[PlyCount "85"]
[EventDate "2017.04.23"]
[EventType "swiss"]
[EventRounds "9"]
[EventCountry "NED"]
[SourceTitle "CBM 178 Extra"]
[Source "ChessBase"]
[SourceDate "2017.06.22"]
[SourceVersion "1"]
[SourceVersionDate "2017.06.22"]
[SourceQuality "1"]

1. d4 d5 2. Bf4 Nf6 3. e3 c5 4. c3 Nc6 5. Nd2 Bf5 6. Ngf3 e6 7. Ne5 Nxe5 8. Bxe5 Nd7 9. Nf3 a6 10. Bd3 Bxd3 11. Qxd3 Nxe5 12. Nxe5 Bd6 13. 0-0 0-0 14. Rfe1 f6 15. Nf3 f5 16. dxc5 Bxc5 17. c4 dxc4 18. Qxc4 Qe7 19. Nd4 Bxd4 20. exd4 Rfe8 21. d5 exd5 22. Qxd5+ Qf7 23. Qxf7+ Kxf7 24. f3 Rac8 25. Rxe8 Kxe8 26. Re1+ Kd7 27. Kf2 Kd6 28. Rd1+ Ke6 29. Rd2 Rc5 30. Ke3 g5 31. f4 h6 32. g3 Rc4 33. h3 gxf4+ 34. gxf4 Rc7 35. Rg2 Kf6 36. Kd3 Re7 37. Re2 Rxe2 38. Kxe2 Ke6 39. b4 Kd5 40. Kd3 b6 41. a4 b5 42. a5 h5 43. h4 1/2-1/2

[Event "NED-chT 1617"]
[Site "Netherlands"]
[Date "2016.10.08"]
[Round "2.9"]
[White "Schoorl, Rob"]
[Black "Reichardt, Robin"]
[Result "1-0"]
[WhiteElo "2315"]
[BlackElo "1873"]
[PlyCount "73"]
[EventDate "2016.09.17"]
[EventType "team-tourn"]
[EventRounds "9"]
[EventCountry "NED"]
[SourceTitle "EXT 2017"]
[Source "ChessBase"]
[SourceDate "2016.10.25"]
[SourceVersion "1"]
[SourceVersionDate "2016.10.25"]
[SourceQuality "1"]
[WhiteTeam "Calder HMC"]
[BlackTeam "En Passant"]
[WhiteTeamCountry "NED"]
[BlackTeamCountry "NED"]

1. b3 e5 2. Bb2 Nc6 3. e3 Nf6 4. Bb5 d6 5. d4 Bd7 6. Nf3 e4 7. Nfd2 d5 8. Be2 Ne7 9. c4 c6 10. Nc3 Ng6 11. Qc2 Bd6 12. 0-0-0 b6 13. f3 Nh4 14. fxe4 dxe4 15. Ncxe4 Qe7 16. Nxd6+ Qxd6 17. e4 Nxg2 18. e5 Qe6 19. Rdg1 Ne3 20. Qd3 Nfg4 21. d5 cxd5 22. cxd5 Qg6 23. e6 fxe6 24. Qxg6+ hxg6 25. Bxg4 Rc8+ 26. Kb1 Bb5 27. Nc4 Nxc4 28. bxc4 Bxc4 29. Bxe6 Bd3+ 30. Ka1 Rc2 31. Rc1 Rhxh2 32. Rxh2 Rxh2 33. d6 Rc2 34. Rh1 Rf2 35. Bxg7 Kd8 36. Rh8+ Rf8 37. Rxf8# 1-0

[Event "NED-ch U16"]
[Site "Rotterdam"]
[Date "2016.05.05"]
[Round "7"]
[White "Reichardt, Robin"]
[Black "Ten Have, Dimitri"]
[Result "1-0"]
[WhiteElo "1898"]
[BlackElo "1365"]
[PlyCount "41"]
[EventDate "2016.04.29"]
[EventType "swiss"]
[EventRounds "9"]
[EventCountry "NED"]
[SourceTitle "CBM 172 Extra"]
[Source "ChessBase"]
[SourceDate "2016.06.21"]
[SourceVersion "1"]
[SourceVersionDate "2016.06.21"]
[SourceQuality "1"]

1. d4 Nf6 2. Nf3 e6 3. c4 d5 4. Nc3 Be7 5. Bf4 c6 6. e3 0-0 7. Be2 b6 8. h3 Bb7 9. 0-0 Nbd7 10. a3 a5 11. cxd5 exd5 12. Rc1 Rc8 13. Qb3 Kh8 14. Rfd1 Ne4 15. Nxe4 dxe4 16. Ne5 Qe8 17. Nxd7 Qxd7 18. Qxb6 g5 19. Be5+ f6 20. Bg4 Qd8 21. Qxb7 1-0

[Event "EU-Cup 31st"]
[Site "Skopje"]
[Date "2015.10.19"]
[Round "2.6"]
[White "Reichardt, Robin"]
[Black "Salimaki, Janne"]
[Result "1/2-1/2"]
[WhiteElo "1879"]
[BlackElo "2102"]
[PlyCount "86"]
[EventDate "2015.10.18"]
[EventType "team-swiss"]
[EventRounds "7"]
[EventCountry "MKD"]
[SourceTitle "CBM 169"]
[Source "ChessBase"]
[SourceDate "2015.11.10"]
[SourceVersion "1"]
[SourceVersionDate "2015.11.10"]
[SourceQuality "1"]
[WhiteTeam "En Passant"]
[BlackTeam "Matinkylan"]
[WhiteTeamCountry "NED"]
[BlackTeamCountry "FIN"]

1. d4 g6 2. c4 Nf6 3. Nc3 d5 4. e3 Bg7 5. Nf3 0-0 6. Be2 e6 7. 0-0 b6 8. b3 Bb7 9. Ba3 Re8 10. Rc1 c6 11. Qc2 Nbd7 12. Rfd1 dxc4 13. Bxc4 a5 14. Bd3 b5 15. Bc5 Nxc5 16. dxc5 Qe7 17. Ne4 Nxe4 18. Bxe4 Red8 19. Nd4 Qc7 20. g3 e5 21. Ne2 Rxd1+ 22. Rxd1 Rd8 23. a3 Rd7 24. b4 a4 25. g4 Bc8 26. f3 f5 27. gxf5 gxf5 28. Bd3 Qd8 29. Ng3 Qg5 30. Kf2 Qh4 31. Kg2 f4 32. exf4 exf4 33. Nf5 Qg5+ 34. Kf2 Rxd3 35. Qxd3 Bxf5 36. Qd6 Qh6 37. Qd8+ Bf8 38. Rg1+ Bg6 39. h4 Kh8 40. h5 Bxh5 41. Qd4+ Bg7 42. Qd8+ Bf8 43. Qd4+ Bg7 1/2-1/2